Geopolitique contemporaine - Statistiques

Statistiques générales
  • Ce quiz a été pris 793 fois
  • Le résultat moyen est 6 sur 20
Statistiques - réponses
Hint Réponse % Correct
Groupe terroriste islamiste libanais (chiite) Hezbollah
67%
Le nom du seul porte-avion français Charles DeGaulle
61%
Dernier pays à avoir intégré l'UE en 2013 Croatie
60%
Nom de l'alliance économique et commerciale qui relie une partie des Etats d'Amérique du Sud MERCOSUR
59%
Date de la COP 21 à Paris qui invite les Etats à limiter le réchauffement de la planète en dessous des +1,5°C 2015
54%
Premier ministre Israélien réélu en 2022 Benyamin Netanyahou
52%
Mer d'Asie faisant l'objet de tensions territoriales fortes quant à la volonté expansionniste Chinoise Mer de Chine Méridionale
48%
Pays d'Asie du sud-est où l'armée a renversé et mis en prison la présidente Aung San Suu Kyi en 2021. Une dictature répressive s'est ainsi installée dans le pays. Birmanie
42%
Région Ukrainienne ayant subie de lourdes attaques russes depuis février 2022, en raison de sa population majoritairement russophone Donbas
30%
Dirigeant de la milice armée russe Wagner, décédé en 2023 dans un (suspect) accident d'avion Evgueni Prigojine
24%
Peuple chiite vivant à l'ouest du Yémen, victime de bombardements américains depuis décembre 2023 Houthis
24%
Célèbre essai de Samuel Huntington sur la géopolitique et la vision des conflits au XXIe siècle parut en 1999 Le choc des civilisations
21%
Territoire polarisant les tensions dans la région du Caucase Haut Karabakh
20%
Les 3 pays faisant partie de ce que l'ex président Américain George W.Bush appelait en 2001 "l'Axe du Mal" Iran, Irak, Corée du Nord
15%
Alliance militaire dans l'Océan Pacifique ayant pour but de concurrencer l'influence grandissante de la Chine dans la région (menée par les USA) QUAD
12%
Successeur de Koffi Annan au poste de Secrétaire Général des Nations Unies en 2007 Ban Ki-moon
10%
Dirigeant du groupe islamiste terroriste Daesh jusqu'à son assassinat en 2019 Abou Bakr al-Baghdadi
7%
Nombre approximatif des personnes décédées suite à la pandémie de COVID-19 dans le monde, fin 2023 7 Millions
5%
Présidente du Parlement Européen depuis 2022 Roberta Metsola
5%
Base chinoise au Pakistan qui cristallise les tensions avec l'Inde voisine Gwadar
4%
Aucun quiz correspondant
Distribution des résultats
% des personnes avec chaque résultat
Percentile par nombre de réponses
Votre historique - résultats
Vous n’avez pas pris ce quiz